000 00945nam a2200325Ia 4500
001 41305
003 IT-RoPAU
008 130308s9999 xx 000 0 und d
040 _aIT-RoPAU
040 _cIT-RoPAU
041 _aFRANCESE
100 _aLissarrague Francois
100 _gCodice Aut. SPICS: 17902
245 _aPartage et communautè dans les banquets Grecs
245 _bTable et le partage (La)
250 _a1a ed.
260 _aPARIS
260 _bDocumentation Francaise
260 _c1986 [1° Ed.:1986 - Ed.Ling.Originale:1986]
300 _a"16 p. (prefazione: no ; testo: 16 [pagine: 155-170])"
500 _aBanchetti greci e Comunità Divisione e Comunità Nei Pasti Sacrificali
650 _aSAGGI DI ANTROPOLOGIA
650 _eCodice materia Spics: 3507
700 _aSchmitt-Pantel Pauline
700 _gCodice Aut. SPICS: 17903
942 _cBK
957 _71
999 _c42032
_d42032
999 _bSI
999 _g1